[Event "Chess.com Classic Winners"]
[Site "chess.com INT"]
[Date "2025.05.20"]
[Round "1.4"]
[White "Caruana, Fabiano"]
[Black "Vachier-Lagrave, Maxime"]
[Result "0-1"]
[WhiteTitle "GM"]
[BlackTitle "GM"]
[WhiteElo "2776"]
[BlackElo "2723"]
[WhiteFideId "2020009"]
[BlackFideId "623539"]
[EventDate "2025.05.20"]
[EventType "k.o."]

1. c4 e5 2. Nc3 Nf6 3. e3 Bb4 4. Nge2 O-O 5. a3 Bxc3 6. Nxc3 d5 7. cxd5 Nxd5 8.
Qc2 Nc6 9. Be2 Be6 10. b4 Re8 11. O-O Nce7 12. Ne4 b6 13. Bb2 Ng6 14. Rac1 a6
15. Ng3 Qd7 16. d4 exd4 17. Bxd4 f6 18. Rfd1 Qf7 19. Bf1 Re7 20. Rd2 a5 21. e4
Ndf4 22. Be3 axb4 23. axb4 Ra2 24. Qd1 Rxd2 25. Qxd2 Rd7 26. Qc3 h5 27. Nf5 h4
28. g3 Nd5 29. Nh6+ gxh6 30. exd5 Bxd5 31. Bd4 hxg3 32. Qxg3 Qg7 33. Re1 Nh4 34.
Re8+ Kf7 35. Qxg7+ Kxg7 36. Be2 Bf3 37. Bc3 Bxe2 38. Rxe2 Rd1+ 0-1

[Event "Chess.com Classic Winners"]
[Site "chess.com INT"]
[Date "2025.05.20"]
[Round "1.4"]
[White "Duda, Jan-Krzysztof"]
[Black "Carlsen, Magnus"]
[Result "1/2-1/2"]
[WhiteTitle "GM"]
[BlackTitle "GM"]
[WhiteElo "2739"]
[BlackElo "2837"]
[WhiteFideId "1170546"]
[BlackFideId "1503014"]
[EventDate "2025.05.20"]
[EventType "k.o."]

1. d4 Nf6 2. c4 e6 3. Nc3 d5 4. cxd5 exd5 5. Bg5 c6 6. Qc2 Be6 7. e3 Nbd7 8. h3
Bd6 9. Bd3 h6 10. Bf4 Bxf4 11. exf4 Ne4 12. Bxe4 dxe4 13. Qxe4 O-O 14. Nge2 Bc4
15. O-O Re8 16. Qc2 Nf6 17. Rfe1 Qd6 18. Rad1 Bxe2 19. Nxe2 Re4 20. f3 Re3 21.
Rd3 Re7 22. Rf1 Nd5 23. Qd2 Rxe2 24. Qxe2 Nxf4 25. Qe4 Nxd3 26. Qxd3 Rd8 27. Rd1
Qd5 28. Qa3 c5 29. Qxa7 cxd4 30. b3 d3 31. Rd2 Qe5 32. Qf2 Rc8 33. f4 Qe4 34.
Qg3 Rc3 35. Kf2 Rc2 36. Qe3 Qb4 37. Ke1 Rc1+ 38. Kf2 Rc2 39. Rxc2 dxc2 40. Ke2
g6 41. Kd3 Qa3 42. Qe8+ Kg7 43. Qe5+ Kg8 44. Qe8+ Kg7 45. Qe5+ Kg8 46. Kxc2
Qxa2+ 47. Qb2 Qa6 48. Qe5 Qc6+ 49. Kd3 Qxg2 50. Qe8+ Kg7 51. Qe5+ Kh7 52. Qe3
Qd5+ 53. Kc3 g5 54. fxg5 hxg5 55. Kb4 Kg6 56. Ka4 Qc6+ 57. Ka5 Qa6+ 58. Kb4 Qd6+
59. Ka5 Qa6+ 60. Kb4 Qd6+ 61. Ka5 Qa6+ 1/2-1/2

[Event "Chess.com Classic Winners"]
[Site "chess.com INT"]
[Date "2025.05.20"]
[Round "1.4"]
[White "Erigaisi, Arjun"]
[Black "Nepomniachtchi, Ian"]
[Result "1/2-1/2"]
[WhiteTitle "GM"]
[BlackTitle "GM"]
[WhiteElo "2782"]
[BlackElo "2757"]
[WhiteFideId "35009192"]
[BlackFideId "4168119"]
[EventDate "2025.05.20"]
[EventType "k.o."]

1. d4 Nf6 2. c4 e6 3. Nc3 Bb4 4. Qc2 c5 5. dxc5 O-O 6. a3 Bxc5 7. Nf3 d5 8. Bf4
Nc6 9. e3 Re8 10. Rd1 e5 11. Bg5 d4 12. Nd5 Be7 13. Bxf6 Bxf6 14. Bd3 g6 15. O-O
Bg7 16. h3 Be6 17. exd4 exd4 18. Nf4 Bd7 19. Be4 Rc8 20. Rfe1 Qf6 21. Nd3 b6 22.
b4 h5 23. c5 Nd8 24. Bd5 Rxe1+ 25. Rxe1 Bf8 26. Nfe5 Be6 27. Bxe6 Nxe6 28. c6 b5
29. Qb3 Nd8 30. Qd5 Nxc6 31. Qxb5 Nxe5 32. Nxe5 Bd6 33. Nf3 Rc3 34. Ng5 Rc2 35.
Ne4 Qf4 36. g3 Qf3 37. Qd5 Be7 38. Qxd4 Qxa3 39. Nf6+ Bxf6 40. Qxf6 Rc1 41. Rxc1
Qxc1+ 42. Kg2 Qd2 43. Qa6 Qd5+ 44. Kg1 Qd4 45. h4 Kg7 46. b5 Qb6 47. Qa1+ Kf8
48. Qa4 Ke7 49. Qb4+ Ke6 50. Qc4+ Kf6 51. Qf4+ Ke7 52. Qc4 Qd6 53. Qe4+ Kf6 54.
Qf3+ Kg7 55. Qc3+ Kg8 56. Qc8+ Kg7 57. Qc4 Qe5 58. Qc6 Qd4 59. Qa6 Kf8 60. Qc6
Qb6 61. Qc8+ Ke7 62. Qc4 Kf8 63. Qc8+ Kg7 64. Qc3+ Qf6 65. Qc4 Qa1+ 66. Kg2 Qe5
67. Qc6 Qd4 68. Qa6 Kf8 69. Qc6 Ke7 70. Kg1 Qd7 71. Qc5+ Ke6 72. Qc4+ Ke5 73.
Qf4+ Kd5 74. Qd2+ Ke6 75. Qa2+ Kd6 76. Qd2+ Kc7 77. Qa5+ Kb7 78. Qa6+ Kb8 79. b6
Qb7 80. bxa7+ Qxa7 81. Qd6+ Qc7 82. Qb4+ Kc8 83. Qf8+ Kb7 84. Qb4+ Kc6 85. Qc4+
Kb6 86. Qb4+ Ka6 87. Qa4+ Kb7 88. Qb5+ Ka7 89. Qa4+ Kb6 90. Qb4+ Kc6 91. Qc4+
Kd6 92. Qf4+ Kc6 93. Qc4+ 1/2-1/2

[Event "Chess.com Classic Winners"]
[Site "chess.com INT"]
[Date "2025.05.20"]
[Round "1.4"]
[White "Fedoseev, Vladimir3"]
[Black "Gukesh, D"]
[Result "1-0"]
[WhiteTitle "GM"]
[BlackTitle "GM"]
[WhiteElo "2739"]
[BlackElo "2787"]
[WhiteFideId "24130737"]
[BlackFideId "46616543"]
[EventDate "2025.05.20"]
[EventType "k.o."]

1. d4 Nf6 2. c4 e6 3. Nf3 Nc6 4. a3 g6 5. Nc3 d6 6. d5 Ne7 7. dxe6 fxe6 8. g3
Bg7 9. Bg2 O-O 10. O-O a5 11. Bg5 h6 12. Bxf6 Bxf6 13. Qc2 Bg7 14. Rad1 Bd7 15.
Nd4 Rb8 16. Qe4 e5 17. Ndb5 b6 18. b4 axb4 19. axb4 Nf5 20. e3 Kh7 21. Na7 Ne7
22. c5 b5 23. Qd3 Bg4 24. f3 Be6 25. cxd6 cxd6 26. Qxd6 Qxd6 27. Rxd6 Bc4 28.
Rfd1 Nf5 29. Rd7 Nxe3 30. Re1 Nc2 31. Rxe5 Kg8 32. Nc6 Bxe5 33. Nxe5 Nxb4 34.
Ne4 Be6 35. Rd6 Bf5 36. Bf1 Kg7 37. g4 Bxe4 38. fxe4 Rbe8 39. Nxg6 Rf6 40. Nh4
Rxe4 41. Nf5+ Kg6 42. h3 Re5 43. Rd7 Rb6 44. Kf2 Nc2 45. Bd3 Nb4 46. Bb1 Kf6 47.
Rh7 Ree6 48. Rxh6+ Ke5 49. Rh5 Kf4 50. Nd4 Re5 51. Ne2+ 1-0

[Event "Chess.com Classic Winners"]
[Site "chess.com INT"]
[Date "2025.05.20"]
[Round "1.4"]
[White "Lazavik, Denis"]
[Black "Abdusattorov, Nodirbek"]
[Result "0-1"]
[WhiteTitle "GM"]
[BlackTitle "GM"]
[WhiteElo "2577"]
[BlackElo "2771"]
[WhiteFideId "13515110"]
[BlackFideId "14204118"]
[EventDate "2025.05.20"]
[EventType "k.o."]

1. c4 e6 2. Nf3 d5 3. cxd5 exd5 4. g3 Nf6 5. Bg2 c5 6. O-O Nc6 7. d4 Be7 8. dxc5
Bxc5 9. a3 O-O 10. b4 Be7 11. Bb2 Bg4 12. Nc3 Re8 13. Rc1 a6 14. h3 Bh5 15. e3
Rc8 16. Ne2 Bg6 17. Qb3 Qb6 18. Nf4 Be4 19. Bxf6 Bxf6 20. Nxd5 Bxd5 21. Qxd5 Qb5
22. Qb3 Rcd8 23. Rfd1 a5 24. Rc5 Qb6 25. Rb1 axb4 26. axb4 Rd6 27. Qc2 h6 28. b5
Ne7 29. Nh2 Red8 30. Ng4 R6d7 31. Rc1 Ng6 32. Qf5 Bb2 33. R1c2 Ne7 34. Qf3 Ba3
35. Rh5 Qg6 36. Rhc5 Bxc5 37. Rxc5 Qd6 38. Rc1 Rc7 39. Rf1 b6 40. Qe4 Rdc8 41.
Nh2 Rc1 42. Nf3 Rxf1+ 43. Bxf1 Qd5 44. Qxd5 Nxd5 45. Nd4 Kf8 46. Kg2 Rc5 47. Kf3
g6 48. g4 Ke7 49. Be2 Nc3 50. Bd3 h5 51. Kg3 hxg4 52. hxg4 Kd6 53. Kf3 Nd5 54.
Be4 Nc7 55. Bc6 Ne6 56. Ne2 Nd8 57. Be4 Rxb5 58. Nd4 Ra5 59. Nb3 Ra2 60. Nd4 Ne6
61. Nb5+ Kc5 62. Bd3 Rd2 63. Bf1 Ng5+ 0-1

[Event "Chess.com Classic Winners"]
[Site "chess.com INT"]
[Date "2025.05.20"]
[Round "1.4"]
[White "Praggnanandhaa, R"]
[Black "Ding, Liren"]
[Result "0-1"]
[WhiteTitle "GM"]
[BlackTitle "GM"]
[WhiteElo "2758"]
[BlackElo "2734"]
[WhiteFideId "25059530"]
[BlackFideId "8603677"]
[EventDate "2025.05.20"]
[EventType "k.o."]

1. c4 Nf6 2. Nc3 e5 3. Nf3 Nc6 4. g3 d5 5. cxd5 Nxd5 6. Bg2 Nb6 7. O-O Be7 8. a3
O-O 9. d3 Re8 10. Rb1 h6 11. b4 Bf8 12. Bb2 a5 13. b5 Nd4 14. Nd2 a4 15. e3 Ne6
16. Qc2 Nc5 17. d4 exd4 18. exd4 Ne6 19. Ne2 Ng5 20. Nf3 Nxf3+ 21. Bxf3 Nd5 22.
Nc3 Nxc3 23. Qxc3 Ra7 24. d5 b6 25. Rfe1 Rxe1+ 26. Rxe1 Bd7 27. d6 Bxb5 28. Qe5
c6 29. Qf5 Qxd6 30. Rd1 Qe6 31. Qxe6 fxe6 32. Rd8 c5 33. Rb8 Bc4 34. Rxb6 Bd5
35. Bd1 Kf7 36. Kf1 c4 37. Ke1 c3 38. Bxc3 Bxa3 39. Bd4 Ra8 40. Rb1 Be7 41. Kd2
a3 42. Ra1 Bf6 43. Bxf6 Kxf6 44. f4 e5 45. Bc2 exf4 46. gxf4 a2 47. Kc3 Ra3+ 48.
Kb2 Rh3 49. Rd1 Rxh2 50. Rxd5 Rxc2+ 51. Ka1 Rc4 0-1

[Event "Chess.com Classic Winners"]
[Site "chess.com INT"]
[Date "2025.05.20"]
[Round "1.5"]
[White "Erigaisi, Arjun"]
[Black "Nepomniachtchi, Ian"]
[Result "1/2-1/2"]
[WhiteTitle "GM"]
[BlackTitle "GM"]
[WhiteElo "2782"]
[BlackElo "2757"]
[WhiteFideId "35009192"]
[BlackFideId "4168119"]
[EventDate "2025.05.20"]
[EventType "k.o."]

1. d4 Nf6 2. c4 e6 3. Nf3 d5 4. cxd5 exd5 5. Nc3 Be7 6. Bf4 c6 7. h3 Bf5 8. e3
Qb6 9. Bd3 Bxd3 10. Qxd3 Nbd7 11. O-O O-O 12. Rab1 a5 13. Qc2 Qa6 14. Rfc1 Rfe8
15. Ne1 a4 16. Nd3 Bf8 17. Re1 Qc4 18. Rbc1 Ne4 19. Qb1 Nd2 20. Qc2 Ne4 21. Qe2
Nxc3 22. bxc3 a3 23. Rc2 Ra5 24. Rd1 Rb5 25. Qg4 Re6 26. h4 Nf6 27. Qf3 Qa4 28.
Rdc1 Rb1 29. Qd1 Rxc1 30. Rxc1 Qc4 31. Qc2 Nd7 32. Rb1 b6 33. Ne1 c5 34. Nf3 Rc6
35. Rb3 h6 36. Qf5 Qxb3 37. axb3 a2 38. Qxd7 a1=Q+ 39. Kh2 Rf6 40. Be5 Re6 41.
dxc5 bxc5 42. Qxd5 Qb2 43. Kg1 Qa1+ 44. Kh2 Qb2 45. Bg3 Qxc3 46. Nd2 Qb4 47. Qd7
Qb6 48. e4 Qc6 49. Qd3 Bd6 50. f4 Bf8 51. f5 Re8 52. e5 Ra8 53. Ne4 Ra2 54. Qf3
Kh8 55. Qd3 Rb2 56. Qc4 Qb7 57. e6 Qxb3 58. Qc1 fxe6 59. fxe6 Qc2 60. Qf1 Qxe4
61. Qxf8+ Kh7 62. Bf2 Qxe6 63. Qxc5 Qe4 64. Qf8 Rc2 65. Qf7 Re2 66. Qf8 Rc2 67.
Kg1 Rc1+ 68. Kh2 Rc2 1/2-1/2

[Event "Chess.com Classic Winners"]
[Site "chess.com INT"]
[Date "2025.05.20"]
[Round "2.1"]
[White "Carlsen, Magnus"]
[Black "Vachier-Lagrave, Maxime"]
[Result "1-0"]
[WhiteTitle "GM"]
[BlackTitle "GM"]
[WhiteElo "2837"]
[BlackElo "2723"]
[WhiteFideId "1503014"]
[BlackFideId "623539"]
[EventDate "2025.05.20"]
[EventType "k.o."]

1. Nf3 d5 2. e3 Nf6 3. c4 dxc4 4. Bxc4 e6 5. O-O c5 6. Qe2 a6 7. a4 Nc6 8. Rd1
Be7 9. d4 cxd4 10. Nxd4 Nxd4 11. exd4 Bd7 12. Nc3 Bc6 13. Bf4 O-O 14. Rd3 b5 15.
Bb3 b4 16. d5 exd5 17. Nxd5 Nxd5 18. Bxd5 Bxd5 19. Qd2 Qb6 20. Rxd5 Rad8 21. g3
Qc6 22. Rxd8 Rxd8 23. Qe2 Bf6 24. a5 Re8 25. Be3 h5 26. Rd1 h4 27. gxh4 Bxh4 28.
Rd4 Bg5 29. Rxb4 Bxe3 30. fxe3 Qc5 31. Rc4 Qxa5 32. Kf2 Qe5 33. h4 a5 34. b3 Rb8
35. Qc2 Qf6+ 36. Ke2 Qe6 37. Qd3 Qh3 38. Rd4 Qh2+ 39. Kf3 Qc7 40. Rd7 Qc6+ 41.
Qd5 Qf6+ 42. Ke2 Rc8 43. h5 Rc2+ 44. Kd1 Rf2 45. Rd8+ Kh7 46. Qe4+ Kh6 47. Rd4
Qg5 48. Kc1 Qc5+ 49. Kd1 Qxh5+ 50. Kc1 g5 51. Qc6+ f6 52. Qc8 Rf1+ 53. Kc2 Qg6+
54. e4 g4 55. Kb2 g3 56. Qh3+ Kg7 57. Qxf1 g2 58. Qg1 Qg5 59. Kc2 Qc5+ 60. Kb2
Qg5 61. Rc4 Qe5+ 62. Ka2 1-0

[Event "Chess.com Classic Winners"]
[Site "chess.com INT"]
[Date "2025.05.20"]
[Round "2.1"]
[White "Nepomniachtchi, Ian"]
[Black "Fedoseev, Vladimir3"]
[Result "1-0"]
[WhiteTitle "GM"]
[BlackTitle "GM"]
[WhiteElo "2757"]
[BlackElo "2739"]
[WhiteFideId "4168119"]
[BlackFideId "24130737"]
[EventDate "2025.05.20"]
[EventType "k.o."]

1. e4 e5 2. Nf3 Nf6 3. Nxe5 d6 4. Nf3 Nxe4 5. Nc3 Nf6 6. d4 Be7 7. Bd3 O-O 8.
O-O d5 9. Re1 c6 10. Ne5 Nbd7 11. Bf4 Nxe5 12. dxe5 Ne8 13. Ne2 f6 14. Nd4 fxe5
15. Bxe5 Bf6 16. Qd2 Nd6 17. c3 Bxe5 18. Rxe5 Qf6 19. Rae1 Bd7 20. Re7 Rf7 21.
Rxf7 Nxf7 22. f4 Rf8 23. g3 g5 24. Rf1 Qg7 25. fxg5 Bh3 26. Rf2 Ne5 27. Be2 Re8
28. Nf5 Bxf5 29. Rxf5 Qe7 30. h4 Ng6 31. Rf2 Qe3 32. Qxe3 Rxe3 33. Kg2 Ne5 34.
Bf1 Nd3 35. Bxd3 Rxd3 36. h5 Kg7 37. Kh3 d4 38. h6+ Kg8 39. c4 Re3 40. Rf6 d3
41. Rd6 Kf7 42. Kg4 Ke7 43. c5 b6 44. Kf4 Re2 45. Rxd3 Rxb2 46. g6 hxg6 47. Kg5
bxc5 48. Kxg6 Rxa2 49. h7 Rh2 50. Kg7 c4 51. Rc3 Kd6 52. Rxc4 Rh3 53. h8=Q 1-0

[Event "Chess.com Classic Winners"]
[Site "chess.com INT"]
[Date "2025.05.20"]
[Round "2.2"]
[White "Fedoseev, Vladimir3"]
[Black "Nepomniachtchi, Ian"]
[Result "1-0"]
[WhiteTitle "GM"]
[BlackTitle "GM"]
[WhiteElo "2739"]
[BlackElo "2757"]
[WhiteFideId "24130737"]
[BlackFideId "4168119"]
[EventDate "2025.05.20"]
[EventType "k.o."]

1. d4 Nf6 2. Nf3 d5 3. c3 e6 4. Bg5 h6 5. Bh4 c5 6. e3 Nc6 7. Nbd2 Qb6 8. Qc2
Bd7 9. Bd3 Rc8 10. dxc5 Bxc5 11. Bxf6 gxf6 12. O-O f5 13. Nb3 Be7 14. Qd2 Bf6
15. Rad1 e5 16. Bc4 Ne7 17. Bxd5 Nxd5 18. Qxd5 Bc6 19. Qd6 Rg8 20. Qxf6 Rxg2+
21. Kh1 Bxf3 22. Qxe5+ Qe6 23. Qxe6+ fxe6 24. Nd4 Bd5 25. e4 Bxe4 26. f3 Rxb2
27. fxe4 Rxc3 28. exf5 Rh3 29. Nf3 exf5 30. a4 Ke7 31. Rfe1+ Kf7 32. Rd3 Kg7 33.
Rd7+ Kg6 34. Rf1 f4 35. Rd5 b6 36. Kg1 Kf6 37. Rd4 Kf5 38. Rf2 Rxf2 39. Kxf2 Kg4
40. Rd3 Rh5 41. Rd4 Rc5 42. Kg2 Rc2+ 43. Nd2 Rc3 44. Ne4 Ra3 45. Nf2+ Kf5 46.
Nd3 Ra2+ 47. Kh3 f3 48. Rf4+ Kg5 49. Rg4+ Kf5 50. Rf4+ Kg5 51. Rd4 Kf5 52. Kg3
Rg2+ 53. Kxf3 Rxh2 54. Rd7 a6 55. Rd5+ Ke6 56. Nf4+ Ke7 57. Re5+ Kd6 58. Re6+
Kc5 59. Nd3+ Kc4 60. Nf2 Kb4 61. Re4+ Ka5 62. Re5+ Kxa4 63. Kg3 Rxf2 64. Kxf2
Kb3 65. Re6 a5 66. Rxb6+ Kc3 67. Ke3 a4 68. Rc6+ Kb2 69. Kd2 h5 70. Rb6+ Ka2 71.
Rb4 a3 72. Kc3 h4 73. Rxh4 1-0

[Event "Chess.com Classic Winners"]
[Site "chess.com INT"]
[Date "2025.05.20"]
[Round "2.2"]
[White "Vachier-Lagrave, Maxime"]
[Black "Carlsen, Magnus"]
[Result "0-1"]
[WhiteTitle "GM"]
[BlackTitle "GM"]
[WhiteElo "2723"]
[BlackElo "2837"]
[WhiteFideId "623539"]
[BlackFideId "1503014"]
[EventDate "2025.05.20"]
[EventType "k.o."]

1. e4 e5 2. Nf3 Nc6 3. Bb5 Nf6 4. O-O Nxe4 5. d4 Nd6 6. Bxc6 dxc6 7. dxe5 Nf5 8.
Qxd8+ Kxd8 9. h3 h6 10. Nc3 Bd7 11. b3 a5 12. Bb2 c5 13. a4 Kc8 14. Rad1 Be6 15.
Nd5 g5 16. c4 Ne7 17. Rfe1 b6 18. h4 g4 19. Nh2 h5 20. f4 Nf5 21. Nf1 Nxh4 22.
Ng3 Kb7 23. Rf1 Nf5 24. Nxf5 Bxf5 25. e6 Rh6 26. e7 Bxe7 27. Nxe7 Bc2 28. Rc1
Bxb3 29. f5 Rd6 30. Be5 Rd3 31. Nd5 Re8 32. Rfe1 Bxa4 33. Bf4 Rxe1+ 34. Rxe1 Bb3
35. Bxc7 Rxd5 36. cxd5 Kxc7 37. Re7+ Kd6 38. Rxf7 Bxd5 39. Ra7 Ke5 40. Ra6 Kxf5
41. Rxb6 a4 42. Rb5 a3 43. Rxc5 Ke4 44. Ra5 a2 45. Kf2 h4 46. Ke2 Kd4 47. Kd2 g3
48. Ra4+ Bc4 0-1

[Event "Chess.com Classic Winners"]
[Site "chess.com INT"]
[Date "2025.05.20"]
[Round "2.3"]
[White "Carlsen, Magnus"]
[Black "Vachier-Lagrave, Maxime"]
[Result "1-0"]
[WhiteTitle "GM"]
[BlackTitle "GM"]
[WhiteElo "2837"]
[BlackElo "2723"]
[WhiteFideId "1503014"]
[BlackFideId "623539"]
[EventDate "2025.05.20"]
[EventType "k.o."]

1. d4 f5 2. Nf3 Nf6 3. Bf4 g6 4. e3 Bg7 5. c4 d6 6. Nc3 O-O 7. c5 h6 8. Bc4+ Kh8
9. h3 Nc6 10. O-O Ne4 11. cxd6 exd6 12. Bh2 Qe8 13. Nd5 Qd8 14. Rc1 Bd7 15. b4
Ne7 16. Nh4 Kh7 17. Nxc7 Rc8 18. Ne6 Bxe6 19. Bxe6 Rxc1 20. Qxc1 d5 21. Qc7 Qxc7
22. Bxc7 Rf6 23. Bd7 Nc6 24. b5 Nb4 25. Be5 Rf7 26. Be8 1-0

[Event "Chess.com Classic Winners"]
[Site "chess.com INT"]
[Date "2025.05.20"]
[Round "2.3"]
[White "Nepomniachtchi, Ian"]
[Black "Fedoseev, Vladimir3"]
[Result "0-1"]
[WhiteTitle "GM"]
[BlackTitle "GM"]
[WhiteElo "2757"]
[BlackElo "2739"]
[WhiteFideId "4168119"]
[BlackFideId "24130737"]
[EventDate "2025.05.20"]
[EventType "k.o."]

1. e4 e5 2. Nf3 Nf6 3. Nxe5 d6 4. Nf3 Nxe4 5. Nc3 Nf6 6. d4 Be7 7. Bd3 O-O 8.
O-O d5 9. Ne2 Re8 10. Ng3 Nbd7 11. Nf5 Bf8 12. Bg5 h6 13. Bh4 g6 14. Ne3 c6 15.
c4 dxc4 16. Nxc4 Nb6 17. Nce5 Be6 18. Qc2 Nbd5 19. Qd2 Bg7 20. Rfe1 Qb6 21. a3
a5 22. Rad1 a4 23. Nc4 Qd8 24. h3 g5 25. Bg3 Nh5 26. Be5 Nhf4 27. Bb1 f6 28.
Bxf4 Nxf4 29. Ne3 Qd7 30. Qc2 Bb3 31. Qh7+ Kf8 32. Bc2 Bg8 33. Qf5 Qxf5 34. Nxf5
Bd5 35. Kh2 b5 36. Re3 Bxf3 37. Rxf3 Re2 38. Rc1 Rd8 39. b3 Rd2 40. Be4 Ne2 41.
Rxc6 Nxd4 42. Nxd4 R2xd4 43. Bf5 Kg8 44. Rc7 Bf8 45. g3 axb3 46. Rxb3 b4 47. a4
Bd6 48. Be6+ Kh8 49. Rb7 Rb8 50. Rf7 Rf8 51. Rd7 Re8 52. Bg4 h5 53. Bxh5 Ra8 54.
Rf7 Be5 55. Rb2 Rxa4 56. Rc2 Ra8 57. Rb7 Rad8 58. Kg2 R8d7 59. Rb5 Kg7 60. Bg4
Rd2 61. Bxd7 Rxc2 62. Rxb4 Rd2 63. Rb7 Bd4 64. Bf5+ Kf8 65. Kf3 Rxf2+ 66. Ke4
Be5 67. Rb3 Rd2 68. Bg4 Kg7 69. Rb7+ Kf8 70. Kf5 Rb2 71. Ra7 Rb6 72. h4 gxh4 73.
gxh4 Rb4 74. Be2 Rxh4 75. Ke6 Re4 76. Rf7+ Kg8 77. Bd3 Re3 78. Bh7+ Kh8 79. Bb1
Kg8 80. Rb7 Bd4+ 81. Kf5 Re5+ 82. Kf4 Rg5 83. Bf5 Be5+ 84. Ke4 Rg7 85. Be6+ Kh8
86. Rb1 Rg5 87. Bf5 Kg7 88. Rb7+ Kg8 89. Ra7 Rg7 90. Ra8+ Kf7 91. Kd5 Ke7 92.
Ra7+ Kf8 93. Ra6 Kf7 94. Ra4 Rg5 95. Ra7+ Kg8 96. Ke6 Rg3 97. Ra8+ Kg7 98. Ra7+
Kh6 99. Ra4 Kg5 100. Ra8 Re3 101. Rg8+ Kf4 102. Rg4+ Kf3 103. Ra4 Bf4+ 104. Kf7
Be5 105. Kg6 Rc3 106. Bg4+ Ke3 107. Be6 Kd2 108. Kf5 Re3 109. Ra2+ Kc3 110. Ra8
Kd4 111. Rc8 Rg3 112. Rc4+ Kd3 113. Ra4 Rg5# 0-1

[Event "Chess.com Classic Winners"]
[Site "chess.com INT"]
[Date "2025.05.20"]
[Round "2.4"]
[White "Fedoseev, Vladimir3"]
[Black "Nepomniachtchi, Ian"]
[Result "0-1"]
[WhiteTitle "GM"]
[BlackTitle "GM"]
[WhiteElo "2739"]
[BlackElo "2757"]
[WhiteFideId "24130737"]
[BlackFideId "4168119"]
[EventDate "2025.05.20"]
[EventType "k.o."]

1. d4 Nf6 2. c4 e6 3. Nf3 d5 4. g3 Bb4+ 5. Bd2 Be7 6. Bg2 O-O 7. O-O c6 8. Qc2
a5 9. Rd1 a4 10. Ne5 Nbd7 11. Bc3 Qb6 12. e3 Qa6 13. cxd5 exd5 14. Nd3 Re8 15.
Bb4 Bxb4 16. Nxb4 Qa5 17. a3 Nb6 18. Nc3 g6 19. Re1 Bf5 20. Qe2 Nc4 21. h3 h5
22. Kh2 Kg7 23. Rac1 Nd6 24. f3 Re7 25. Qf2 Rae8 26. Kg1 Qd8 27. Nxa4 Nc4 28. e4
dxe4 29. Rxc4 exf3 30. Rxe7 Qxe7 31. Bxf3 b5 32. Rc5 bxa4 33. Re5 Be6 34. Nxc6
Qd6 35. d5 Bxh3 36. Rxe8 Nxe8 37. Qd4+ Nf6 38. Kf2 Bd7 39. Qxa4 Qc5+ 40. Qd4
Qc2+ 41. Kg1 g5 42. Qe5 Qc1+ 43. Kf2 Qd2+ 44. Qe2 Qc1 45. Qe5 h4 46. gxh4 gxh4
47. Ne7 Qd2+ 48. Kg1 h3 49. d6 Bg4 50. Nf5+ Kh7 51. Nh4 Bxf3 52. Qf5+ Kg7 53.
Qxf3 Qe1+ 54. Kh2 Qxh4 55. Qg3+ Ng4+ 0-1

[Event "Chess.com Classic Winners"]
[Site "chess.com INT"]
[Date "2025.05.20"]
[Round "2.5"]
[White "Fedoseev, Vladimir3"]
[Black "Nepomniachtchi, Ian"]
[Result "0-1"]
[WhiteTitle "GM"]
[BlackTitle "GM"]
[WhiteElo "2739"]
[BlackElo "2757"]
[WhiteFideId "24130737"]
[BlackFideId "4168119"]
[EventDate "2025.05.20"]
[EventType "k.o."]

1. d4 Nf6 2. c4 e6 3. Nf3 d5 4. g3 Be7 5. Bg2 O-O 6. O-O dxc4 7. Qa4 a6 8. Qxc4
b5 9. Qc2 Bb7 10. Bd2 Be4 11. Qc1 c6 12. e3 Nbd7 13. Nc3 Bg6 14. Nh4 Rc8 15.
Nxg6 hxg6 16. Ne2 c5 17. Qe1 Qb6 18. Ba5 Qa7 19. Rd1 b4 20. Nf4 Bd8 21. Bxd8
Rfxd8 22. dxc5 Qxc5 23. Nd3 Qc2 24. Qxb4 Nc5 25. Rd2 Nxd3 26. Qa5 Qc5 27. Qxa6
Nb4 28. Rxd8+ Rxd8 29. Qa4 Rd2 30. a3 Nd3 31. b4 Qf5 32. e4 Qe5 33. Qa8+ Kh7 34.
Qa7 Ng4 35. h3 Ngxf2 36. Qe3 Rb2 37. Qf3 Qd4 38. Kh2 Qxe4 39. Qxe4 Nxe4 40. Rxf7
Ne1 41. Kg1 Nxg2 42. Rf3 Ng5 43. Rd3 Nxh3+ 44. Kf1 Rf2# 0-1